Eurozóna v bode nula
Nová šanca eurozóny prehodnotiť svoje stategické a fiškálne smerovanie, v kontexte turbulentných geopolitických zmien. Hrozba deflačnej špirály a nárast problémov v periférnych krajnách.
Salvato in:
| Autore principale: | |
|---|---|
| Natura: | Capitolo di libro |
| Lingua: | slovacco |
| Soggetti: | |
| Tags: |
Nessun Tag, puoi essere il primo ad aggiungerne!!
|
MARC
| LEADER | 00000naa a2200000 4500 | ||
|---|---|---|---|
| 001 | 0193950 | ||
| 005 | 20211109084237.9 | ||
| 041 | 0 | |a slo | |
| 044 | |a SK | ||
| 245 | 1 | 0 | |a Eurozóna v bode nula |c Robert Auxt |
| 520 | |a Nová šanca eurozóny prehodnotiť svoje stategické a fiškálne smerovanie, v kontexte turbulentných geopolitických zmien. Hrozba deflačnej špirály a nárast problémov v periférnych krajnách. | ||
| 610 | 2 | 0 | |a eurozóna |
| 610 | 2 | 0 | |a proporcie ekonomické |
| 610 | 2 | 0 | |a rast hospodársky nerovnovážny |
| 610 | 2 | 0 | |a proporcionalita hospodárstva |
| 610 | 2 | 0 | |a inflácia |
| 610 | 2 | 0 | |a deflácia |
| 100 | 1 | |a Auxt, Robert | |